000 00355nam a22001457a 4500
005 20160309061711.0
008 101028s2011 nyua 001 0 eng
020 _a9780071748049
020 _a0071748040
041 0 _aeng
080 _a004
245 1 0 _aHTML & XHTML demystified /
_cLee Cottrell.
246 3 _aHTML and XHTML demystified
942 _2udc
_cBK
999 _c577
_d577